Digital design and computer architecture / (Record no. 15094)

MARC details
000 -LEADER
fixed length control field 00844cam a2200265 i 4500
001 - CONTROL NUMBER
control field TB12569
003 - CONTROL NUMBER IDENTIFIER
control field IN-BhIIT
005 - DATE AND TIME OF LATEST TRANSACTION
control field 20260530110949.0
008 - FIXED-LENGTH DATA ELEMENTS--GENERAL INFORMATION
fixed length control field 130511s2013 ne a b 001 0 eng
020 ## - INTERNATIONAL STANDARD BOOK NUMBER
ISBN 9789382291527 (pbk.)
040 ## - CATALOGING SOURCE
Original cataloging agency IN-BhIIT
041 ## - LANGUAGE CODE
Language code of text eng
082 00 - DEWEY DECIMAL CLASSIFICATION NUMBER
Classification number 621.381
Book number HAR/D
100 1# - MAIN ENTRY--AUTHOR NAME
Personal name Harris, David Money.
Relator term Author
245 10 - TITLE STATEMENT
Title Digital design and computer architecture /
Statement of responsibility, etc David Money Harris and Sarah L. Harris.
250 ## - EDITION STATEMENT
Edition statement 2nd ed.
260 ## - PUBLICATION, DISTRIBUTION, ETC. (IMPRINT)
Place of publication Amsterdam :
Name of publisher Morgan Kaufmann,
Year of publication 2019.
300 ## - PHYSICAL DESCRIPTION
Number of Pages xxiv, 690 pages :
Other physical details(ill.) illustrations ;
Dimensions(size) 24 cm
504 ## - BIBLIOGRAPHY, ETC. NOTE
Bibliography, etc Includes bibliographical references and index.
650 #0 - SUBJECT ADDED ENTRY--TOPICAL TERM
Topical Term Digital electronics.
Topical Term Logic design.
Topical Term Computer architecture.
700 1# - ADDED ENTRY--PERSONAL NAME
Personal name Harris, Sarah L.
Relator term Joint author
942 ## - ADDED ENTRY ELEMENTS (KOHA)
Koha item type Text Book
Koha issues (borrowed), all copies 19
Holdings
Withdrawn status Lost status Damaged status Not for loan Collection code Home library Current library Date acquired Source of acquisition Cost, normal purchase price Full call number Accession Number Cost, replacement price Price effective from Koha item type
Not withdrawn Not Lost not damaged     Central Library, IIT Bhubaneswar Central Library, IIT Bhubaneswar 30/07/2025 53 525.00 621.381 HAR/D TB12575 700.00 30/07/2025 Text Book
Not withdrawn Not Lost not damaged     Central Library, IIT Bhubaneswar Central Library, IIT Bhubaneswar 30/07/2025 53 525.00 621.381 HAR/D TB12570 700.00 30/07/2025 Text Book
Not withdrawn Not Lost not damaged     Central Library, IIT Bhubaneswar Central Library, IIT Bhubaneswar 30/07/2025 53 525.00 621.381 HAR/D TB12572 700.00 30/07/2025 Text Book
Not withdrawn Not Lost not damaged     Central Library, IIT Bhubaneswar Central Library, IIT Bhubaneswar 30/07/2025 53 525.00 621.381 HAR/D TB12571 700.00 30/07/2025 Text Book
Not withdrawn Not Lost not damaged     Central Library, IIT Bhubaneswar Central Library, IIT Bhubaneswar 30/07/2025 53 525.00 621.381 HAR/D TB12574 700.00 30/07/2025 Text Book
Not withdrawn Not Lost not damaged     Central Library, IIT Bhubaneswar Central Library, IIT Bhubaneswar 30/07/2025 53 525.00 621.381 HAR/D TB12569 700.00 30/07/2025 Course Reserve
Not withdrawn Not Lost not damaged     Central Library, IIT Bhubaneswar Central Library, IIT Bhubaneswar 30/07/2025 53 525.00 621.381 HAR/D TB12577 700.00 30/07/2025 Text Book
Not withdrawn Not Lost not damaged     Central Library, IIT Bhubaneswar Central Library, IIT Bhubaneswar 30/07/2025 53 525.00 621.381 HAR/D TB12576 700.00 30/07/2025 Text Book
Not withdrawn Not Lost not damaged     Central Library, IIT Bhubaneswar Central Library, IIT Bhubaneswar 30/07/2025 53 525.00 621.381 HAR/D TB12573 700.00 30/07/2025 Text Book
Not withdrawn Not Lost not damaged     Central Library, IIT Bhubaneswar Central Library, IIT Bhubaneswar 30/07/2025 53 525.00 621.381 HAR/D TB12578 700.00 30/07/2025 Text Book

Central Library, Indian Institute of Technology Bhubaneswar, 4th Floor, Administrative Building, Argul, Khordha, PIN-752050, Odisha, India
Phone: +91-674-7138750 | Email: circulation.library@iitbbs.ac.in (For circulation related queries),
Email: info.library@iitbbs.ac.in (For other queries)